| 000 | 00869nam a2200289 a 4500 | ||
|---|---|---|---|
| 001 | 000000211 | ||
| 003 | OSt | ||
| 005 | 20210921135233.0 | ||
| 008 | 081112s2007 dr 000 f spa d | ||
| 020 | _a9789993432326 | ||
| 020 | _a9993432326 | ||
| 024 | 3 | _a7467228744490 | |
| 040 |
_aDO-SdBNP _bspa _cBNPHU |
||
| 082 | 4 |
_aP869.5 _bM827e _222 |
|
| 100 | 1 |
_aMorais, Manuel , _9694 |
|
| 245 | 1 | 0 |
_aEntre Dios y hombres / _cManuel Morais. |
| 260 |
_aSanto Domingo : _bArgos, _c2007. |
||
| 300 |
_a255 p. ; _c23 cm. |
||
| 500 | _aIncluye datos biográficos del autor en la solapa de la cubierta | ||
| 590 | _aInventariado, 2020/MFF | ||
| 650 | 4 |
_aNovela portuguesa _9695 |
|
| 650 | 4 |
_aPederastia _9696 |
|
| 650 | 4 |
_aLiteratura portuguesa _912952 |
|
| 650 | 4 |
_aAbuso sexual de menores _zPortugal _9698 |
|
| 910 | _aValidado. Control de calidad MFF | ||
| 942 |
_2ddc _cLBS1 |
||
| 999 |
_c211 _d211 |
||